[Event "SVK-chT2B 2324"]
[Site "Slovakia"]
[Date "2024.02.10"]
[Round "8.3"]
[White "Jakubek, Peter"]
[Black "Beres, Tomas"]
[Result "0-1"]
[WhiteElo "2116"]
[BlackElo "2130"]
[PlyCount "88"]
[EventDate "2023.10.07"]
[EventType "team-tourn"]
[EventRounds "11"]
[EventCountry "SVK"]
[SourceTitle "EXT 2025"]
[Source "ChessBase"]
[SourceDate "2024.10.14"]
[SourceVersion "1"]
[SourceVersionDate "2024.10.14"]
[SourceQuality "1"]
[WhiteTeam "Trencin"]
[BlackTeam "Tlmace"]
[WhiteTeamCountry "SVK"]
[BlackTeamCountry "SVK"]

1. d4 d5 2. Bf4 Nf6 3. e3 c5 4. c3 Nc6 5. Nd2 Bf5 6. Ngf3 e6 7. Be2 Be7 8. Ne5 Nxe5 9. Bxe5 0-0 10. 0-0 Qb6 11. b3 Nd7 12. Bg3 cxd4 13. exd4 Ba3 14. c4 Bb2 15. c5 Qa5 16. Nf3 Nf6 17. Bd6 Rfc8 18. b4 Qa3 19. Rb1 Bxb1 20. Qxb1 Ne4 21. Bd3 Nxd6 22. cxd6 g6 23. h4 Qxb4 24. h5 Ba3 25. hxg6 hxg6 26. Qd1 Rc1 27. Qe2 Rxf1+ 28. Kxf1 Qxd6 29. Ne5 Qe7 30. Qg4 Qf6 31. Nd7 Qg7 32. Qh4 g5 33. Qh5 Bf8 34. g4 f6 35. Qh3 Rc8 36. Qe3 Qf7 37. Bb5 Bd6 38. Ba4 Rc7 39. Nc5 Bxc5 40. dxc5 Qe7 41. Qd3 Qh7 42. Qg3 Qh1+ 43. Ke2 Qe4+ 44. Kf1 e5 0-1

[Event "SVK-chT1W 2324"]
[Site "Slovakia"]
[Date "2024.02.04"]
[Round "9.5"]
[White "Jakubek, Peter"]
[Black "Budinsky, Martin"]
[Result "1/2-1/2"]
[WhiteElo "2131"]
[BlackElo "2066"]
[PlyCount "74"]
[EventDate "2023.10.21"]
[EventType "team-tourn"]
[EventRounds "11"]
[EventCountry "SVK"]
[SourceTitle "EXT 2025"]
[Source "ChessBase"]
[SourceDate "2024.10.14"]
[SourceVersion "1"]
[SourceVersionDate "2024.10.14"]
[SourceQuality "1"]
[WhiteTeam "Povazska Bystrica"]
[BlackTeam "Levice II"]
[WhiteTeamCountry "SVK"]
[BlackTeamCountry "SVK"]

1. d4 f5 2. e4 fxe4 3. Nc3 Nf6 4. Bg5 e6 5. Nxe4 Be7 6. Nxf6+ Bxf6 7. Bxf6 Qxf6 8. Nf3 b6 9. Be2 Bb7 10. 0-0 0-0 11. c3 Nc6 12. Qd2 Ne7 13. Qg5 Ng6 14. Qxf6 Rxf6 15. Ne5 Nf4 16. Bf3 Bxf3 17. Nxf3 Raf8 18. Ne5 Ne2+ 19. Kh1 Rxf2 20. Rxf2 Rxf2 21. g3 d6 22. Ng4 Rf3 23. Re1 h5 24. Rxe2 hxg4 25. Kg2 Rf6 26. Re4 Rg6 27. Rf4 b5 28. Kf2 Rf6 29. Ke3 Rh6 30. Rf2 Rf6 31. Rf4 Rh6 32. Rf2 g5 33. Ke4 Kg7 34. d5 Rf6 35. Rd2 e5 36. c4 b4 37. Rc2 Kg6 1/2-1/2

[Event "SVK-chT1W 2324"]
[Site "Slovakia"]
[Date "2024.02.03"]
[Round "8.5"]
[White "Rakovsky, Jakub"]
[Black "Jakubek, Peter"]
[Result "0-1"]
[WhiteElo "2145"]
[BlackElo "2131"]
[PlyCount "52"]
[EventDate "2023.10.21"]
[EventType "team-tourn"]
[EventRounds "11"]
[EventCountry "SVK"]
[SourceTitle "EXT 2025"]
[Source "ChessBase"]
[SourceDate "2024.10.14"]
[SourceVersion "1"]
[SourceVersionDate "2024.10.14"]
[SourceQuality "1"]
[WhiteTeam "Nitra NSK"]
[BlackTeam "Povazska Bystrica"]
[WhiteTeamCountry "SVK"]
[BlackTeamCountry "SVK"]

1. e4 b6 2. d4 Bb7 3. Nc3 e6 4. Bd3 g6 5. Nge2 Bg7 6. Be3 Ne7 7. Qd2 h6 8. f3 d6 9. 0-0-0 Nd7 10. g4 a6 11. h4 c5 12. d5 exd5 13. exd5 Ne5 14. Ng1 b5 15. g5 h5 16. f4 Nxd3+ 17. Qxd3 0-0 18. Rh2 Qa5 19. Kb1 Bxc3 20. bxc3 Bxd5 21. Kc1 Be6 22. Bf2 Qxa2 23. Be1 Nc6 24. c4 Nd4 25. Nf3 Bf5 26. Qf1 Qa3+ 0-1

[Event "SVK-chT1W 2324"]
[Site "Slovakia"]
[Date "2023.10.21"]
[Round "1.4"]
[White "Sarkozi, Szabolcs"]
[Black "Jakubek, Peter"]
[Result "0-1"]
[WhiteElo "2075"]
[BlackElo "2116"]
[PlyCount "98"]
[EventDate "2023.10.21"]
[EventType "team-tourn"]
[EventRounds "11"]
[EventCountry "SVK"]
[SourceTitle "EXT 2025"]
[Source "ChessBase"]
[SourceDate "2024.10.14"]
[SourceVersion "1"]
[SourceVersionDate "2024.10.14"]
[SourceQuality "1"]
[WhiteTeam "Komarno II"]
[BlackTeam "Povazska Bystrica"]
[WhiteTeamCountry "SVK"]
[BlackTeamCountry "SVK"]

1. e4 g6 2. Nc3 Bg7 3. d4 d6 4. Be3 Nd7 5. Be2 e6 6. Qd2 h6 7. f4 Ne7 8. Nf3 a6 9. a4 b6 10. 0-0 Bb7 11. Bd3 f5 12. d5 exd5 13. exf5 c5 14. fxg6 0-0 15. f5 d4 16. Bxh6 dxc3 17. Qg5 Nd5 18. Bxg7 Kxg7 19. Rae1 Ne5 20. h4 Qxg5 21. Nxg5 Nxd3 22. cxd3 Bc8 23. g4 cxb2 24. Ne4 Bd7 25. Rb1 Ne3 26. Rf4 d5 27. Ng3 Bxa4 28. Rxa4 c4 29. Rxb2 b5 30. Ra1 Nxg4 31. dxc4 dxc4 32. Re2 Ra7 33. Rae1 c3 34. Re4 Nf6 35. Re5 Rc8 36. h5 c2 37. Rc1 Rd7 38. Ne2 b4 39. Re3 a5 40. Rh3 Kh6 41. Rb3 Rc4 42. Rb2 Rd1+ 43. Kf2 Ng4+ 44. Kf3 Rxc1 45. Nxc1 a4 46. Ke2 b3 47. Kd2 Rd4+ 48. Kc3 Rd1 49. Ne2 Re1 0-1

[Event "SVK-chT1W 2223"]
[Site "Slovakia"]
[Date "2023.03.11"]
[Round "10.5"]
[White "Jakubek, Peter"]
[Black "Slacky, Stanislav"]
[Result "1/2-1/2"]
[WhiteElo "2139"]
[BlackElo "2095"]
[PlyCount "83"]
[EventDate "2022.10.15"]
[EventType "team-tourn"]
[EventRounds "11"]
[EventCountry "SVK"]
[SourceTitle "EXT 2024"]
[Source "ChessBase"]
[SourceDate "2023.10.10"]
[SourceVersion "1"]
[SourceVersionDate "2023.10.10"]
[SourceQuality "1"]
[WhiteTeam "Povazska Bystrica"]
[BlackTeam "Bratislava Lokomotiva"]
[WhiteTeamCountry "SVK"]
[BlackTeamCountry "SVK"]

1. g3 Nf6 2. Bg2 d5 3. Nf3 Nc6 4. 0-0 e5 5. d4 exd4 6. Nxd4 Nxd4 7. Qxd4 Be7 8. Nc3 c6 9. e4 dxe4 10. Qxd8+ Bxd8 11. Nxe4 Nxe4 12. Bxe4 Bf6 13. c3 0-0 14. Be3 Be6 15. Rfd1 Rfd8 16. Kg2 Kf8 17. Bc2 Bd5+ 18. f3 b6 19. Bb3 Be6 20. Bxe6 fxe6 21. g4 Kf7 22. g5 Rxd1 23. Rxd1 Rd8 24. Rxd8 Bxd8 25. Kg3 Kg6 26. Kg4 h6 27. gxh6 gxh6 28. h3 Bc7 29. f4 h5+ 30. Kf3 Kf5 31. a4 a6 32. c4 b5 33. axb5 cxb5 34. cxb5 axb5 35. b3 Bd6 36. Bc1 Bb4 37. Bb2 Bd6 38. Bc1 Be7 39. Bb2 Bc5 40. Be5 Bb6 41. Bd6 Bd4 42. Bc7 1/2-1/2

[Event "SVK-chT1W 2223"]
[Site "Slovakia"]
[Date "2023.02.05"]
[Round "9.4"]
[White "Jakubek, Peter"]
[Black "Dlhy, Jozef"]
[Result "1/2-1/2"]
[WhiteElo "2139"]
[BlackElo "2031"]
[PlyCount "99"]
[EventDate "2022.10.15"]
[EventType "team-tourn"]
[EventRounds "11"]
[EventCountry "SVK"]
[SourceTitle "EXT 2024"]
[Source "ChessBase"]
[SourceDate "2023.10.10"]
[SourceVersion "1"]
[SourceVersionDate "2023.10.10"]
[SourceQuality "1"]
[WhiteTeam "Povazska Bystrica"]
[BlackTeam "Nitra NSK"]
[WhiteTeamCountry "SVK"]
[BlackTeamCountry "SVK"]

1. d4 Nf6 2. Bg5 d5 3. Bxf6 exf6 4. e3 Bd6 5. c4 dxc4 6. Bxc4 0-0 7. Nc3 Nd7 8. Nf3 c6 9. h3 Nb6 10. Bb3 Re8 11. Qd3 g6 12. 0-0 f5 13. Rfe1 Be6 14. Bxe6 Rxe6 15. Rad1 Qe7 16. a3 Rd8 17. b4 Bb8 18. g3 Bd6 19. Nd2 Re8 20. e4 fxe4 21. Rxe4 f5 22. Rxe6 Qxe6 23. Nf3 Qc4 24. d5 Qxd3 25. Rxd3 Nxd5 26. Nxd5 cxd5 27. Rxd5 Rd8 28. Kf1 Bc7 29. Rc5 Bb6 30. Rc2 Rd3 31. Ne5 Rxa3 32. Nc4 Ra1+ 33. Kg2 Bd4 34. Rd2 Bc3 35. Rd8+ Kg7 36. Rd7+ Kf6 37. Rxb7 Ra2 38. Ne3 Bd4 39. Kf3 h5 40. h4 Ra3 41. Rd7 Bxe3 42. fxe3 Rb3 43. Rd6+ Kf7 44. Rd4 Ke6 45. Kf4 Rc3 46. b5 Rb3 47. Ra4 Rxb5 48. Rxa7 Rb4+ 49. Kf3 Kf6 50. Ra6+ 1/2-1/2

[Event "SVK-chT1W 2122"]
[Site "Slovakia"]
[Date "2022.05.15"]
[Round "11.4"]
[White "Molnar, Erno"]
[Black "Jakubek, Peter"]
[Result "1-0"]
[WhiteElo "2223"]
[BlackElo "2115"]
[PlyCount "87"]
[EventDate "2021.11.06"]
[EventType "team-tourn"]
[EventRounds "11"]
[EventCountry "SVK"]
[SourceTitle "EXT 2023"]
[Source "ChessBase"]
[SourceDate "2022.10.05"]
[SourceVersion "1"]
[SourceVersionDate "2022.10.05"]
[SourceQuality "1"]
[WhiteTeam "Komarno"]
[BlackTeam "Povazska Bystrica"]
[WhiteTeamCountry "SVK"]
[BlackTeamCountry "SVK"]

1. e4 c6 2. d4 d5 3. exd5 cxd5 4. Bd3 Nc6 5. c3 Qc7 6. Ne2 Bg4 7. 0-0 e6 8. Qe1 Nf6 9. f3 Bh5 10. Qh4 Rg8 11. Bxh7 g5 12. Bxg5 Nxh7 13. Bf4 Qb6 14. Qxh5 Nf6 15. Qh4 Be7 16. Qf2 Qxb2 17. Nd2 Qc2 18. Rfc1 Qd3 19. Rab1 0-0-0 20. Ng3 Ba3 21. Qf1 Qxf1+ 22. Rxf1 Nd7 23. Rfe1 Nb6 24. Ne2 f6 25. Bg3 e5 26. dxe5 fxe5 27. f4 e4 28. Bf2 Bd6 29. g3 Nd7 30. c4 Bb4 31. cxd5 Bxd2 32. dxc6 bxc6 33. Red1 Nb6 34. Bd4 e3 35. Bxb6 axb6 36. Rxb6 Kc7 37. Rdb1 c5 38. Ra6 Rb8 39. Rxb8 Rxb8 40. Kg2 c4 41. Ra4 Rb4 42. Rxb4 Bxb4 43. Kf3 Bd2 44. Ke4 1-0

[Event "SVK-chT1W 2122"]
[Site "Slovakia"]
[Date "2021.11.06"]
[Round "1.5"]
[White "Slacky, Stanislav"]
[Black "Jakubek, Peter"]
[Result "1/2-1/2"]
[WhiteElo "2101"]
[BlackElo "2100"]
[PlyCount "74"]
[EventDate "2021.11.06"]
[EventType "team-tourn"]
[EventRounds "11"]
[EventCountry "SVK"]
[SourceTitle "EXT 2023"]
[Source "ChessBase"]
[SourceDate "2022.10.05"]
[SourceVersion "1"]
[SourceVersionDate "2022.10.05"]
[SourceQuality "1"]
[WhiteTeam "Bratislava Lokomotiva"]
[BlackTeam "Povazska Bystrica"]
[WhiteTeamCountry "SVK"]
[BlackTeamCountry "SVK"]

1. d4 d5 2. Nf3 Nf6 3. g3 c6 4. Bg2 Bf5 5. 0-0 h6 6. c4 e6 7. Nc3 Be7 8. Bf4 Nbd7 9. cxd5 exd5 10. Ne5 0-0 11. a3 Nxe5 12. Bxe5 Bd6 13. Bxf6 Qxf6 14. b4 a6 15. Qd2 Rfe8 16. Rac1 Qe6 17. e3 Rad8 18. Na4 h5 19. Nc5 Bxc5 20. Rxc5 h4 21. a4 Be4 22. f3 Bh7 23. Re1 hxg3 24. hxg3 Qd6 25. Qf2 Bd3 26. Bf1 Bxf1 27. Kxf1 b6 28. Rc3 Qxb4 29. Rxc6 Qxa4 30. Rxb6 Rc8 31. Qb2 Qc4+ 32. Kf2 Qd3 33. Re2 Qd1 34. Qd2 Qh1 35. Qe1 Qh2+ 36. Kf1 Qh1+ 37. Kf2 Qh2+ 1/2-1/2

[Event "SVK-ch Amateurs"]
[Site "Topolcany"]
[Date "2021.08.08"]
[Round "5"]
[White "Terbe, Zsuzsanna"]
[Black "Jakubek, Peter"]
[Result "1-0"]
[WhiteElo "2185"]
[BlackElo "2116"]
[PlyCount "71"]
[EventDate "2021.08.06"]
[EventType "swiss"]
[EventRounds "7"]
[EventCountry "SVK"]
[SourceTitle "EXT 2022"]
[Source "ChessBase"]
[SourceDate "2021.10.06"]
[SourceVersion "1"]
[SourceVersionDate "2021.10.06"]
[SourceQuality "1"]

1. d4 d5 2. c4 c6 3. Nf3 Nf6 4. e3 Bf5 5. Nc3 e6 6. Nh4 Bg4 7. Qb3 Qb6 8. h3 Bh5 9. g4 Bg6 10. Nxg6 hxg6 11. g5 Nfd7 12. Bg2 Be7 13. h4 dxc4 14. Qxc4 Na6 15. Bd2 Nb4 16. 0-0-0 Qa6 17. Qxa6 Nxa6 18. a3 0-0-0 19. Kb1 Nb6 20. Bc1 Kb8 21. e4 Nc7 22. Kc2 Rd7 23. Kb3 Rhd8 24. Be3 Nb5 25. Nxb5 cxb5 26. Bf1 a6 27. Rc1 Na4 28. Be2 Bd6 29. h5 gxh5 30. Rxh5 Bc7 31. Rh7 g6 32. d5 exd5 33. exd5 Be5 34. Rc2 Rc8 35. Rxc8+ Kxc8 36. Bg4 1-0

[Event "SVK-ch Amateurs"]
[Site "Topolcany"]
[Date "2021.08.06"]
[Round "1"]
[White "Sokolovsky, Jakub"]
[Black "Jakubek, Peter"]
[Result "1/2-1/2"]
[WhiteElo "1739"]
[BlackElo "2116"]
[PlyCount "52"]
[EventDate "2021.08.06"]
[EventType "swiss"]
[EventRounds "7"]
[EventCountry "SVK"]
[SourceTitle "EXT 2022"]
[Source "ChessBase"]
[SourceDate "2021.10.06"]
[SourceVersion "1"]
[SourceVersionDate "2021.10.06"]
[SourceQuality "1"]

1. e4 c6 2. d4 d5 3. e5 Bf5 4. h4 h5 5. Bd3 Bxd3 6. Qxd3 e6 7. Nf3 c5 8. c3 Qb6 9. 0-0 Nc6 10. Nbd2 cxd4 11. cxd4 Nge7 12. Nb3 Nf5 13. Bg5 Be7 14. Bxe7 Nfxe7 15. Rad1 0-0 16. Qe3 Nf5 17. Qg5 g6 18. g4 hxg4 19. Qxg4 Nce7 20. Nc5 Rad8 21. h5 Kg7 22. Kg2 Rh8 23. Rh1 Qxb2 24. Qg5 Rh6 25. Qf6+ Kg8 26. Qg5 Kg7 1/2-1/2

[Event "SVK-chT1W 1920"]
[Site "Slovakia"]
[Date "2020.06.21"]
[Round "11.4"]
[White "Meszaros, Lorant"]
[Black "Jakubek, Peter"]
[Result "1/2-1/2"]
[WhiteElo "1922"]
[BlackElo "2117"]
[PlyCount "66"]
[EventDate "2019.10.12"]
[EventType "team-tourn"]
[EventRounds "11"]
[EventCountry "SVK"]
[SourceTitle "EXT 2022"]
[Source "ChessBase"]
[SourceDate "2021.10.06"]
[SourceVersion "1"]
[SourceVersionDate "2021.10.06"]
[SourceQuality "1"]
[WhiteTeam "Orechova Poton"]
[BlackTeam "Povazska Bystrica"]
[WhiteTeamCountry "SVK"]
[BlackTeamCountry "SVK"]

1. d4 d5 2. c4 dxc4 3. Nc3 a6 4. a4 Nf6 5. e3 c5 6. Bxc4 cxd4 7. exd4 e6 8. Nf3 Nc6 9. 0-0 Be7 10. Be3 0-0 11. h3 Nb4 12. Qe2 b6 13. Ne5 Bb7 14. f4 Nbd5 15. Nxd5 Nxd5 16. f5 Bg5 17. Bxg5 Qxg5 18. fxe6 fxe6 19. Bxd5 Bxd5 20. Nd7 Rf4 21. Nxb6 Raf8 22. Nxd5 Qxd5 23. Rxf4 Rxf4 24. Kh1 Rxd4 25. Re1 Rxa4 26. Qxe6+ Qxe6 27. Rxe6 Kf7 28. Rb6 a5 29. Ra6 Ra1+ 30. Kh2 a4 31. b4 a3 32. b5 Rb1 33. Rxa3 Rxb5 1/2-1/2

[Event "SVK-chT2B 1920"]
[Site "Slovakia"]
[Date "2020.03.07"]
[Round "10.2"]
[White "Jakubek, Peter"]
[Black "Solcan, Martin"]
[Result "0-1"]
[WhiteElo "2135"]
[BlackElo "2080"]
[PlyCount "118"]
[EventDate "2019.10.26"]
[EventType "team-tourn"]
[EventRounds "11"]
[EventCountry "SVK"]
[SourceTitle "CBM 195 Extra"]
[Source "ChessBase"]
[SourceDate "2020.05.31"]
[SourceVersion "1"]
[SourceVersionDate "2020.05.31"]
[SourceQuality "1"]
[WhiteTeam "Povazska Bystrica II"]
[BlackTeam "Levice"]
[WhiteTeamCountry "SVK"]
[BlackTeamCountry "SVK"]

1. d4 Nf6 2. Bg5 d5 3. Bxf6 exf6 4. c4 dxc4 5. e4 Bb4+ 6. Nc3 Qe7 7. Qc2 f5 8. e5 c5 9. 0-0-0 Bxc3 10. Qxc3 cxd4 11. Rxd4 Nc6 12. Rxc4 0-0 13. Nf3 Be6 14. Rc5 Rfd8 15. Bb5 Nb4 16. Kb1 Nxa2 17. Qa3 b6 18. Rc2 Nb4 19. Bc4 Rac8 20. Rhc1 Bxc4 21. Rxc4 Rxc4 22. Rxc4 Rd1+ 23. Rc1 Rxc1+ 24. Kxc1 Qc5+ 25. Kd2 Qxf2+ 26. Kc3 Qc5+ 27. Kd2 Qf2+ 28. Kc3 a5 29. Nd4 Qe3+ 30. Kc4 Qxe5 31. Qf3 Qc5+ 32. Kb3 g6 33. Qa8+ Kg7 34. Qd8 Nc6 35. Nxc6 Qxc6 36. Qd4+ f6 37. g3 Kf7 38. Qd8 a4+ 39. Kb4 Qe4+ 40. Kc3 Qe3+ 41. Kc2 Qb3+ 42. Kc1 Ke6 43. Qe8+ Kd5 44. Qf7+ Ke4 45. Qxh7 Kd3 46. Qd7+ Ke2 47. Qd2+ Kf3 48. Qf4+ Kg2 49. Qd2+ Kg1 50. Qh6 b5 51. Qxg6 b4 52. Qxf6 Qe3+ 53. Kd1 Qd3+ 54. Ke1 Kxh2 55. Qh4+ Kg2 56. Qxb4 Qxg3+ 57. Kd2 Qf2+ 58. Kc1 Qe3+ 59. Kd1 Qb3+ 0-1

[Event "SVK-chT1W 1920"]
[Site "Slovakia"]
[Date "2019.12.08"]
[Round "6.2"]
[White "Jakubek, Peter"]
[Black "Debnar, Lubos"]
[Result "0-1"]
[WhiteElo "2135"]
[BlackElo "2288"]
[PlyCount "62"]
[EventDate "2019.10.12"]
[EventType "team-tourn"]
[EventRounds "11"]
[EventCountry "SVK"]
[SourceTitle "CBM 193 Extra"]
[Source "ChessBase"]
[SourceDate "2020.01.31"]
[SourceVersion "1"]
[SourceVersionDate "2020.01.31"]
[SourceQuality "1"]
[WhiteTeam "Povazska Bystrica"]
[BlackTeam "Nitra NSK"]
[WhiteTeamCountry "SVK"]
[BlackTeamCountry "SVK"]

1. d4 Nf6 2. Bg5 Ne4 3. Bf4 c5 4. d5 d6 5. c3 Nd7 6. Nf3 g6 7. e3 Bg7 8. Bd3 Nef6 9. e4 0-0 10. Nbd2 b5 11. Bxb5 Rb8 12. Bd3 Rxb2 13. Qc1 Rb8 14. Qa3 Qc7 15. Nc4 Nb6 16. Nfd2 Bd7 17. 0-0 Bb5 18. Rfe1 Nxc4 19. Bxc4 a6 20. f3 Nd7 21. Rab1 Rfc8 22. Rb3 Ne5 23. Bxe5 Bxe5 24. Reb1 Bf4 25. Bxb5 axb5 26. Nf1 b4 27. cxb4 c4 28. Rc3 Ra8 29. Qb2 Be5 30. Rbc1 Qa7+ 31. Ne3 Qxe3+ 0-1

[Event "SVK-chT1W 1920"]
[Site "Slovakia"]
[Date "2019.11.10"]
[Round "4.2"]
[White "Jakubek, Peter"]
[Black "Zetocha, Claudiu Andrei"]
[Result "1/2-1/2"]
[WhiteElo "2135"]
[BlackElo "2299"]
[PlyCount "158"]
[EventDate "2019.10.12"]
[EventType "team-tourn"]
[EventRounds "11"]
[EventCountry "SVK"]
[SourceTitle "CBM 193 Extra"]
[Source "ChessBase"]
[SourceDate "2020.01.31"]
[SourceVersion "1"]
[SourceVersionDate "2020.01.31"]
[SourceQuality "1"]
[WhiteTeam "Povazska Bystrica"]
[BlackTeam "Bratislava Slovan II"]
[WhiteTeamCountry "SVK"]
[BlackTeamCountry "SVK"]

1. d4 Nf6 2. Bg5 e6 3. e4 h6 4. Bxf6 Qxf6 5. c3 d6 6. Bd3 Nc6 7. Ne2 g6 8. 0-0 Bg7 9. f4 Qe7 10. f5 e5 11. d5 Nb8 12. Nd2 Nd7 13. fxg6 fxg6 14. Qe1 a6 15. Nf3 0-0 16. Qg3 Kh7 17. Nh4 Qg5 18. Rxf8 Qxg3 19. Nxg3 Bxf8 20. Rf1 Kg7 21. Nf3 Be7 22. h3 Nf6 23. Ne2 Bd7 24. g4 c6 25. c4 Re8 26. Ng3 Nh7 27. Kg2 Bd8 28. Re1 Bb6 29. b4 Ng5 30. Nd2 a5 31. dxc6 bxc6 32. c5 dxc5 33. Nc4 Bc7 34. bxc5 Ne6 35. Bc2 Nxc5 36. Ne3 Rb8 37. Rb1 Be6 38. a3 Rxb1 39. Bxb1 a4 40. Ne2 Ba5 41. Kf3 Nb3 42. Bd3 Bb6 43. Nc3 Nd4+ 44. Kg2 Bb3 45. Nc4 Bc5 46. Nb2 Bxa3 47. Nbxa4 Bb4 48. Bb1 c5 49. Kf2 Ne6 50. h4 Nf4 51. Ba2 c4 52. Bxb3 cxb3 53. Ne2 Kf6 54. Nc1 Ke6 55. Nxb3 Be7 56. Kg3 Ne2+ 57. Kf3 Nf4 58. Kg3 Bb4 59. h5 gxh5 60. gxh5 Nxh5+ 61. Kh4 Nf6 62. Nac5+ Kd6 63. Nd3 Bc3 64. Nbc5 Bd4 65. Nb7+ Kd7 66. Nbc5+ Ke7 67. Kg3 Kd6 68. Nb7+ Kc7 69. Nbc5 Kc6 70. Ne6 Nxe4+ 71. Kg4 Bc3 72. Ng7 Nf6+ 73. Kf5 e4 74. Nf4 e3 75. Ne2 Nd5 76. Ne6 Kd6 77. N6f4 Be5 78. Ng2 Bf6 79. Nxe3 Nxe3+ 1/2-1/2

[Event "SVK-chT1W 1819"]
[Site "Slovakia"]
[Date "2019.03.16"]
[Round "10.3"]
[White "Jakubek, Peter"]
[Black "Nagy, Tomas"]
[Result "1/2-1/2"]
[WhiteElo "2138"]
[BlackElo "2267"]
[PlyCount "62"]
[EventDate "2018.10.27"]
[EventType "team-tourn"]
[EventRounds "11"]
[EventCountry "SVK"]
[SourceTitle "CBM 189 Extra"]
[Source "ChessBase"]
[SourceDate "2019.05.31"]
[SourceVersion "1"]
[SourceVersionDate "2019.05.31"]
[SourceQuality "1"]
[WhiteTeam "Dubnica nad Vahom II"]
[BlackTeam "Sala Slovan Duslo"]
[WhiteTeamCountry "SVK"]
[BlackTeamCountry "SVK"]

1. Nf3 Nf6 2. b3 d5 3. Bb2 g6 4. g3 Bg7 5. Bg2 c5 6. 0-0 0-0 7. d3 Nc6 8. Nbd2 Ne8 9. Bxg7 Nxg7 10. c4 d4 11. a3 a5 12. Qb1 Bf5 13. Qb2 Qd7 14. Ne1 Ra6 15. Nc2 Rfa8 16. b4 axb4 17. axb4 Rxa1 18. Rxa1 Rxa1+ 19. Qxa1 Nxb4 20. Nxb4 cxb4 21. Qa5 Ne6 22. Qxb4 Nd8 23. Nb3 e5 24. Na5 Bg4 25. Bf1 Bf5 26. h3 e4 27. g4 Bxg4 28. hxg4 Qxg4+ 29. Bg2 exd3 30. exd3 Qd1+ 31. Bf1 Qg4+ 1/2-1/2

[Event "SVK-chT2B 1819"]
[Site "Slovakia"]
[Date "2018.11.17"]
[Round "3.2"]
[White "Grilus, Marian"]
[Black "Jakubek, Peter"]
[Result "0-1"]
[WhiteElo "1962"]
[BlackElo "2138"]
[PlyCount "76"]
[EventDate "2018.10.13"]
[EventType "team-tourn"]
[EventRounds "11"]
[EventCountry "SVK"]
[SourceTitle "CBM 187 Extra"]
[Source "ChessBase"]
[SourceDate "2018.11.04"]
[SourceVersion "1"]
[SourceVersionDate "2018.11.04"]
[SourceQuality "1"]
[WhiteTeam "Nove Zamky"]
[BlackTeam "Povazska Bystrica"]
[WhiteTeamCountry "SVK"]
[BlackTeamCountry "SVK"]

1. d4 d5 2. c4 dxc4 3. e4 Nf6 4. e5 Nd5 5. Bxc4 Nb6 6. Bb3 Nc6 7. Nf3 Bf5 8. 0-0 e6 9. Be3 Be7 10. h3 0-0 11. Nc3 Nb4 12. a3 N4d5 13. Qe2 Rc8 14. Rac1 c6 15. Rfd1 Nxc3 16. bxc3 Nd5 17. c4 Nxe3 18. Qxe3 Qa5 19. d5 Bc5 20. Qe2 cxd5 21. cxd5 Qxa3 22. dxe6 Qxb3 23. Rxc5 Rxc5 24. e7 Re8 25. Nd4 Rxe5 26. Qxe5 Qxd1+ 27. Kh2 Bd7 28. f4 Qa4 29. f5 Qa6 30. Qc7 Qf6 31. Qxd7 Qxe7 32. Qa4 Qe5+ 33. Kh1 Qe1+ 34. Kh2 Qe5+ 35. Kh1 Rd8 36. Nf3 Qxf5 37. Qxa7 Qd5 38. Qb6 h6 0-1

[Event "SVK-chT2B 1819"]
[Site "Slovakia"]
[Date "2018.10.13"]
[Round "1.2"]
[White "Jakubek, Peter"]
[Black "Borosova, Zuzana"]
[Result "0-1"]
[WhiteElo "2158"]
[BlackElo "2268"]
[PlyCount "66"]
[EventDate "2018.10.13"]
[EventType "team-tourn"]
[EventRounds "11"]
[EventCountry "SVK"]
[SourceTitle "CBM 187 Extra"]
[Source "ChessBase"]
[SourceDate "2018.11.04"]
[SourceVersion "1"]
[SourceVersionDate "2018.11.04"]
[SourceQuality "1"]
[WhiteTeam "Povazska Bystrica"]
[BlackTeam "Komarno II"]
[WhiteTeamCountry "SVK"]
[BlackTeamCountry "SVK"]

1. d4 d5 2. Bg5 h6 3. Bh4 c5 4. dxc5 Nc6 5. Nf3 g5 6. Bg3 Bg7 7. c3 f5 8. e3 e5 9. h3 f4 10. exf4 exf4 11. Bh2 Qe7+ 12. Be2 Bd7 13. 0-0 0-0-0 14. Na3 Nf6 15. Nb5 Qxc5 16. Nfd4 Ne4 17. a4 Bxd4 18. cxd4 Qb4 19. f3 Ng3 20. Bxg3 fxg3 21. a5 a6 22. Ra4 Qe7 23. Nc3 Rhe8 24. Bd3 Nb4 25. Bg6 Bxa4 26. Nxa4 Qe3+ 27. Kh1 Re7 28. Nc3 Kb8 29. Qa4 Qxd4 30. Rd1 Qf2 31. Ne4 dxe4 32. Rxd8+ Ka7 33. Qd1 exf3 0-1

[Event "SVK-chT2B 1718"]
[Site "Slovakia"]
[Date "2018.01.14"]
[Round "6.2"]
[White "Jurik, Karol"]
[Black "Jakubek, Peter"]
[Result "0-1"]
[WhiteElo "1878"]
[BlackElo "2151"]
[PlyCount "110"]
[EventDate "2017.10.28"]
[EventType "team-tourn"]
[EventRounds "11"]
[EventCountry "SVK"]
[SourceTitle "EXT 2019"]
[Source "ChessBase"]
[SourceDate "2018.10.10"]
[SourceVersion "1"]
[SourceVersionDate "2018.10.10"]
[SourceQuality "1"]
[WhiteTeam "Lehota pod Vtacnikom"]
[BlackTeam "Povazska Bystrica"]
[WhiteTeamCountry "SVK"]
[BlackTeamCountry "SVK"]

1. e4 e6 2. d4 b6 3. Nf3 Bb7 4. Bd3 c5 5. c3 Nf6 6. e5 Nd5 7. a3 cxd4 8. cxd4 Be7 9. Bd2 Nc6 10. Nc3 Nxc3 11. Bxc3 d6 12. Bb5 0-0 13. Qe2 a6 14. Bd3 b5 15. Rd1 Rc8 16. 0-0 Qc7 17. Rfe1 dxe5 18. dxe5 Na5 19. Bb4 Nc4 20. Bxc4 Bxb4 21. axb4 Qxc4 22. Qe3 Bxf3 23. Qxf3 Qxb4 24. b3 g6 25. Re4 Qc3 26. Re3 Qb2 27. h3 Rfd8 28. Rxd8+ Rxd8 29. Rc3 b4 30. Rc5 Qd4 31. Qf6 Rf8 32. Rc4 Qd1+ 33. Kh2 Qxb3 34. Rh4 Qc3 35. Qg5 f6 36. exf6 Qxf6 37. Qxf6 Rxf6 38. Rxb4 e5 39. f3 a5 40. Ra4 Ra6 41. Kg3 Kf7 42. Kg4 Kf6 43. h4 h5+ 44. Kh3 Ke6 45. g4 Kd5 46. Kg3 Kc5 47. Kf2 hxg4 48. fxg4 Kb5 49. Re4 Re6 50. h5 gxh5 51. gxh5 a4 52. Rh4 a3 53. Ke3 a2 54. Rh1 Kb4 55. Ke4 Rh6 0-1

[Event "SVK-chT2B 1718"]
[Site "Slovakia"]
[Date "2017.10.28"]
[Round "1.2"]
[White "Jakubek, Peter"]
[Black "Zatko, Gregor"]
[Result "1/2-1/2"]
[WhiteElo "2148"]
[BlackElo "2167"]
[PlyCount "32"]
[EventDate "2017.10.28"]
[EventType "team-tourn"]
[EventRounds "11"]
[EventCountry "SVK"]
[SourceTitle "CBM 181 Extra"]
[Source "ChessBase"]
[SourceDate "2017.12.12"]
[SourceVersion "1"]
[SourceVersionDate "2017.12.12"]
[SourceQuality "1"]
[WhiteTeam "Povazska Bystrica"]
[BlackTeam "Levice"]
[WhiteTeamCountry "SVK"]
[BlackTeamCountry "SVK"]

1. d4 g6 2. e4 Bg7 3. Nc3 d6 4. g3 Nc6 5. Be3 Nf6 6. h3 0-0 7. Bg2 e5 8. d5 Nd4 9. Nge2 Nxe2 10. Nxe2 c6 11. c4 c5 12. 0-0 Ne8 13. Rb1 Nc7 14. b4 cxb4 15. c5 Na6 16. c6 Qa5 1/2-1/2